| 000 | 00785nam a22001337a 4500 | ||
|---|---|---|---|
| 008 | 110620t xxu||||| |||| 00| 0 eng d | ||
| 010 | _bCACAF45 | ||
| 245 | _aCourt of Appeal Criminal Appeal No.83 of 2000 Kigongo Sabina vs Uganda | ||
| 260 | _c2000 | ||
| 500 | _aCORAM: HON. JUSTICE C.M. KATO,JA. HON. JUSTICE G.M .OKELLO, JA. HON. JUSTICE A.E. MPANGI-BAHIGEINE, JA | ||
| 500 | _aAppeal from conviction of the high court at Kampala , before Hon. justice G.Tinyinondi dated 29/dated of September 2000 in Criminal Session Case No.258 of 2000 | ||
| 999 |
_c3302 _d3302 |
||